Najlepsi darterzy na świecie - Statystyki

Ogólne statystyki
  • Ten quiz został rozwiązany 115 razy
  • Średni wynik to 13 z 20
Statystyki odpowiedzi
Hint Odpowiedź % Poprawnych
1 Anglia Luke Littler
99%
3 Holandia Michael Van Gerwen
92%
9 Walia Gerwyn Price
88%
2 Anglia Luke Humphries
85%
14 Szkocja Gary Anderson
82%
10 Holandia Gian Van Veen
82%
4 Anglia Stephen Bunting
79%
5 Walia Jonny Clayton
78%
11 Irlandia Północna Josh Rock
78%
16 Australia Damon Heta
69%
6 Holandia Danny Noppert
62%
13 Niemcy Martin Schindler
60%
17 Anglia Rob Cross
60%
12 Anglia Ross Smith
60%
7 Anglia James Wade
52%
15 Anglia Nathan Aspinall
52%
8 Anglia Chris Dobey
41%
18 Belgia Mike De Decker
41%
19 Holandia Jermaine Wattimena
36%
20 Anglia Ryan Searle
11%
Nie znaleziono quizów pasujących do podanych kryteriów
Rozkład punktacji
Procent ludzi z każdym wynikiem
Percentyl według liczby udzielonych odpowiedzi
Twoja historia wyników
Nie rozwiązałeś tego quizu